| 000 | 01858nam a2200385 i 4500 | ||
|---|---|---|---|
| 001 | ebr10785161 | ||
| 003 | CaPaEBR | ||
| 006 | m o d | ||
| 007 | cr cn||||||||| | ||
| 008 | 131108s2010 ne acd ob 100 0 eng|d | ||
| 020 | _z9781847353993 | ||
| 020 | _a9781847357588 (e-book) | ||
| 040 |
_aCaPaEBR _beng _erda _epn _cCaPaEBR |
||
| 035 | _a(OCoLC)868971879 | ||
| 050 | 1 | 4 |
_aTS1890 _b.L38 2010eb |
| 082 | 0 | 4 | _a174 |
| 111 | 2 |
_aLatex & Synthetic Polymer Dispersions International Conference _n(6th : _d2010 : _cAmsterdam, Netherlands), _jissuing body. |
|
| 245 | 1 | 0 |
_aLatex & Synthetic Polymer Dispersions 2010 : _b[conference proceedings] : Amsterdam, The Netherlands, 23-24 March 2010 / _corganised by iSmithers. |
| 246 | 3 | 0 | _aLatex and Synthetic Polymer Dispersions 2010 |
| 264 | 1 |
_aAmsterdam : _bSmithers Rapra Technology Limited, _c2010. |
|
| 300 |
_a1 online resource (174 pages) : _billustrations, portraits |
||
| 336 |
_atext _2rdacontent |
||
| 337 |
_acomputer _2rdamedia |
||
| 338 |
_aonline resource _2rdacarrier |
||
| 500 | _a"An essential update on the latest trends and developments in natural latex, aqueous synthetic polymer latices, processing chemicals, additives and latex-based products"--Cover. | ||
| 504 | _aIncludes bibliographical references. | ||
| 588 | _aDescription based on online resource; title from PDF title page (ebrary, viewed November 8, 2013). | ||
| 590 | _aElectronic reproduction. Palo Alto, Calif. : ebrary, 2013. Available via World Wide Web. Access may be limited to ebrary affiliated libraries. | ||
| 650 | 0 |
_aLatex _vCongresses. |
|
| 650 | 0 |
_aSynthetic products _vCongresses. |
|
| 655 | 0 | _aElectronic books. | |
| 710 | 2 | _aSmithers. | |
| 797 | 2 | _aebrary. | |
| 856 | 4 | 0 |
_uhttp://site.ebrary.com/lib/rucke/Doc?id=10785161 _zAn electronic book accessible through the World Wide Web; click to view |
| 999 |
_c135894 _d135894 |
||